000 00979nam a2200277 a 4500
001 65194
003 BD-RjUL
005 20211209081409.0
008 170301s1966 nyuab 000 0 eng d
035 _a(BD-RjUL)65324
040 _aDLC
_cDLC
_dDLC
_dBD-RjUL
_beng
041 _aeng
082 0 0 _a305.9639209593
_223
_bFRF 1966
100 1 _aFraser, Thomas M.
_9193051
245 1 0 _aFishermen of South Thailand :
_bthe Malay villagers /
_cby Thomas M. Fraser
260 _aNew York:
_bHolt, Rinehart and Winston,
_c1966.
300 _axii, [3],110 p. :
_bill., map. ;
_c24 cm.
504 _aIncludes bibliographies
650 _aMalays (Asian people)
_zThailand, Southern.
_9193159
650 _aEthnology
_vCase studies.
_9193160
651 _aThailand, Southern
_xSocial life and customs.
_9193161
830 _aCase studies in cultural anthropology
_9193158
942 _2ddc
_cBK
999 _c65194
_d65194